| 000 | 00729nam a2200253Ia 4500 | ||
|---|---|---|---|
| 003 | OSt | ||
| 005 | 20220926013608.0 | ||
| 006 | a|||||r|||| 00| 0 | ||
| 007 | ta | ||
| 008 | 220923b |||||||| |||| 00| 0 eng d | ||
| 037 | _cGeneral Book | ||
| 040 |
_aRTL _cRTL _beng |
||
| 041 |
_2eng _aeng |
||
| 082 | _aX:89F, L6;M8 | ||
| 100 |
_aDeCoster Don T and others _9318685 |
||
| 245 | 0 |
_aManagement accounting _bA decision emphasis |
|
| 250 | _a4 | ||
| 260 |
_aNew York _bJohn Wiley _c1988 |
||
| 300 |
_axi,681p _ccm. |
||
| 500 | _aAppendix P 662-65; Glossary P 639-61 | ||
| 650 | _aAccounting Management | ||
| 942 |
_hX:89F, L6;M8 _cGB _2CC |
||
| 999 |
_c626383 _d626383 |
||